| 000 | 00938 a2200253 4500 | ||
|---|---|---|---|
| 005 | 20080908113546.0 | ||
| 008 | 080908t xxu||||| |||| 00| 0 eng d | ||
| 010 | _aENG-87604 | ||
| 020 |
_c260.00 _a0070660492 |
||
| 035 | _aEN-71137 | ||
| 037 | _bD.B.Act / Pub | ||
| 082 | _a621.3815 | ||
| 100 | _aSalivahanan, S. | ||
| 245 |
_aElectronic devices and circuits _cby Salivahanan, S. , N. Suresh Kumar and A. vallavaraj |
||
| 250 | _a2nd ed. | ||
| 260 |
_aNew Delhi _bTata McGraw-Hill Publishing _c2007 |
||
| 270 |
_a7, West Patel Nagar _bNew Delhi _e110008 |
||
| 300 |
_axviii, 946 p. _c23 cm. (Pbk) |
||
| 500 | _aIncludes index | ||
| 700 | _aSuresh Kumar, N. | ||
| 700 | _aVallavaraj, A. | ||
| 942 |
_adpl _cEN _k621.3815 / SAL _2ddc _h621.3815 _mSAL |
||
| 999 |
_c6711 _d6711 |
||